000
00221 a2200097 4500
001
656
100
_a
Griffiths,VS
245
_a
Electronic of laboratory & process instruments
260
_a
_b
Chatto
_c
090
_c
256
_d
256
942
_a
NUST-CAE
_c
M
_c
17335
999
_c
235729
_d
235729